[Event "Negombo op 3rd"]
[Site "Negambo"]
[Date "2017.08.20"]
[Round "2"]
[White "Dickmadugodage, Ravi Prabath"]
[Black "Saravanabaavan, Yughatharoon"]
[Result "1-0"]
[WhiteElo "1874"]
[BlackElo "1107"]
[PlyCount "83"]
[EventDate "2017.08.20"]
[EventType "swiss"]
[EventRounds "10"]
[EventCountry "SRI"]
[SourceTitle "CBM 180 Extra"]
[Source "ChessBase"]
[SourceDate "2017.10.06"]
[SourceVersion "1"]
[SourceVersionDate "2017.10.06"]
[SourceQuality "1"]

1. e4 e5 2. Nf3 Nf6 3. Nxe5 d6 4. Nf3 Nxe4 5. Nc3 Nxc3 6. dxc3 Nc6 7. Bf4 Be6 8. Qd2 Be7 9. Bd3 h6 10. h3 Qd7 11. a3 a6 12. 0-0-0 0-0-0 13. Nd4 Nxd4 14. cxd4 g5 15. Be3 f5 16. f4 gxf4 17. Bxf4 Bf6 18. Bxh6 Bxd4 19. Be3 Bg7 20. Qa5 Bh6 21. Bxh6 Rxh6 22. Rde1 d5 23. Rhf1 Rf8 24. Qc5 Rhf6 25. g4 Kb8 26. g5 R6f7 27. h4 b6 28. Qe3 Re7 29. h5 d4 30. Qf3 Ree8 31. Bxa6 Bd5 32. Rxe8+ Rxe8 33. Qxf5 Qc6 34. Qf6 Re6 35. Qxd4 Be4 36. Bd3 Bg2 37. Rg1 Rd6 38. Qe3 Re6 39. Qg3 Bd5 40. h6 Qe8 41. g6 Rf6 42. g7 1-0